Continuidad y cambio en la política exterior de México : 1977.

Spremljeno u:
Bibliografski detalji
Autor kompanije: El Colegio de México, Centro de Estudios Internacionales
Format: Knjiga
Jezik:španjolski
Serija:(Colección Centro de Estudios Internacionales ; no. 20)
Teme:
Oznake: Dodaj oznaku
Bez oznaka, Budi prvi tko označuje ovaj zapis!

MARC

LEADER 00000cam^a2200000uu^4500
001 000492704
005 20250521000000.0
008 050901s1977^^^^^^^^^^^^rd^r^^000^0^spa^d
009 20260310125445.975
035 |a FCE 000036064 
035 |a FCE 036108 
037 |a Acervo ITESO - Biblioteca 
041 |a spa 
082 0 4 |a 342.0686  |b COL 
110 |a El Colegio de México,  |b Centro de Estudios Internacionales 
245 1 0 |a Continuidad y cambio en la política exterior de México :  |b 1977. 
264 |a México :  |b El Colegio de México,  |c 1977. 
300 |a 237 p. 
336 |a texto  |b txt  |2 rdacontenido 
337 |a sin mediación  |b n  |2 rdamedio 
338 |a volumen  |b nc  |2 rdasoporte 
440 0 |a (Colección Centro de Estudios Internacionales ;  |v no. 20) 
649 |a XX 
650 |a Política exterior 
910 |a Fondo Centro de Estudios Educativos 
920 |a Impresos - Libros 
930 |a Fondos Especiales 
905 |a 133 
901 |a ALE036108  |b IT2  |c CEE  |u 20250521 
902 |a https://opac.biblio.iteso.mx/vufind/Record/000492704